Alan Parsons - Chansons les plus écoutées - Statistiques

Statistiques générales
  • Ce quiz a été pris 9 fois
  • Le résultat moyen est 4 sur 20
Statistiques - réponses
Chanson Vues % Correct
1 Eye in the Sky 339 811 311
100%
2 Sirius 110 911 428
86%
8 Mammagamma 23 114 763
43%
14 Silence and I 8 435 457
29%
20 The Gold Bug 5 958 537
29%
18 Days are Numbers 6 234 731
14%
19 Don't let it show 5 996 545
14%
6 Games People Play 40 553 146
14%
4 I wouldn't want to be like you 49 799 821
14%
5 Old and Wise 48 759 643
14%
9 The Turn of a Friendly Card 19 332 493
14%
7 Time 32 789 711
14%
17 Breakdown 7 088 156
0%
15 Children of the Moon 8 370 558
0%
3 Don't Answer Me 62 198 655
0%
12 I Robot 8 995 168
0%
13 Prime Time 8 484 965
0%
10 Some Other Time 12 651 197
0%
16 The Raven 7 680 803
0%
11 Voyager 10 663 475
0%
Aucun quiz correspondant
Distribution des résultats
% des personnes avec chaque résultat
Percentile par nombre de réponses
Votre historique - résultats
Vous n’avez pas pris ce quiz